00810nam a22002177a 4500003000400000005001700004008004100021020002200062040002100084050002400105100002700129245007800156260004600234300001000280650004500290650006400335650002700399942001500426952013400441999001700575OSt20260610122835.0260610b |||||||| |||| 00| 0 eng d a978-1-61250-138-3 cChuka University aLB 2830.2b.L4 2012 aLevenson Nathan928201 aSmarter budgets , smarter schoolsbHow to survive and thrive in hard time aCambridgebHarvard education oressc2012 a231p. aSchool budgets.... United States928202 aSchool management & organization...... United States928203 aSchool budgets928204 2lcccSLn0 00102lcc40708LGLaCHKbCHKcGENd2026-06-10l0oLB 2830.2 .L48 2012p33762/2026r2026-06-10 12:35:40v3014.00w2026-06-10ySL c23787d23787